Juden in der Stadtverwaltung Kaunas zwischen 1918 und 1940
| Titel: | Juden in der Stadtverwaltung Kaunas zwischen 1918 und 1940 |
|---|---|
| Verfasser: | |
| In: |
Von Kaunas bis Klaipėda, (2007), Seite 27-33 alle Artikel anzeigen |
| Veröffentlicht: | 2007 |
| Format: | Aufsatz |
| Sprache: | Deutsch |
X
alg: 39252791 001A $01999:11-11-16 001B $01999:27-04-21 $t20:49:46.000 001D $01999:11-11-16 001U $0utf8 001X $00 002@ $0Aox 003@ $039252791X 007A $039252791X $aHEB 007T $0Herdc0064604m 010@ $ager 011@ $a2007 021A $aJuden in der Stadtverwaltung Kaunas zwischen 1918 und 1940 028A $aJanauskas $dPranas 031A $h27-33 $j2007 039B $aIn $8--Aau--. Von Kaunas bis Klaipėda. - Fernwald : Litblockín, 2007. - 242 S. $x200700000000000973 $9200097687 045F $a909.04924094793 $eDDC23BSB 045F/01 $a909.04924 045F/03 $g4793 045F/03 $g4382 045F/03 $g43832 lok: 39252791 78 exp: 39252791 78 1 #EPN 201B/01 $026-03-18 $t23:26:04.000 201U/01 $0utf8 203@/01 $0788625837 208@/01 $a11-11-16 $be 209A/01 $a/ $f000 $x00 220C/01 $aTitelaufnehmer: kk 220C/01 $aHerkunft: HI Marburg 244Z/01 $2Trx $#Prusy Wschodnie i Zachodnie $8--Trx--Ost- und Westpreußen $x01 $939113373X 244Z/01 $2Trx $#Litauen $#Lithuania $#Litwa $#Litva $#Litva $8--Trx--Lietuva $x02 $9391193457 244Z/01 $#Kaunas $#Kowno $#Kauen Litauen $#Kovno $#Kauen $#Kaunus $#Kowna $#קובנא $74217158-1 $8--Tg1--Kaunas $x03 $9086119346 244Z/01 $aGeschichte 1918-1940 $x04 244Z/01 $2Trx $#juudid $#žydai $#Jews $#zsidók $#Żydzi $#Židia $#Židé $#Minderheit, jüdische $#Litvaken $#mniejszość żydowska $#menšina židovská $#menšina židovská $8--Trx--Juden $x05 $9391371312 244Z/01 $2Trx $#riiklus, Leedu $#Lietuvos valstybingumas $#statehood, Lituanian $#államiság, litván $#państwowość litewska $#štátnosť litovská $#státnost litevská $8--Trx--Staatlichkeit, litauische $x06 $9391363506 244Z/01 $2Trx $#valitsus, kohalik $#municipalinė valdyba $#local administration $#közigazgatás, helyi $#administracja terenowa $#správa komunálna $#správa komunální $#Gemeindeverwaltung $#Autonomie $#samorząd terytorialny $#samorząd komunalny $#správa obecná $#autonómia $#správa obecní $#autonomie $8--Trx--Verwaltung, kommunale $x07 $9391365355 244Z/01 $2Trx $#rahvasaadikud $#pasiuntiniai $#deputies $#képviselők $#posłowie $#poslanci $#poslanci $8--Trx--Abgeordnete $x08 $9391381369 244Z/01 $2Trx $#suhted, Leedu-Poola $#santykiai, lenkų ir lietuvių $#relations, Lithuanian-Polish $#kapcsolatok, lengyel-litván $#stosunki litewsko-polskie $#vzťahy litovsko-poľské $#vztahy litevsko-polské $8--Trx--Beziehungen, litauisch-polnische $x09 $9391364499 244Z/01 $2Trx $#suhted, Juudi-Leedu $#santykiai, lietuvių ir žydų $#relations, Jewish-Lithuanian $#kapcsolatok, litván-zsidó $#stosunki litewsko-żydowskie $#vzťahy litovsko-židovské $#vztahy litevsko-židovské $8--Trx--Beziehungen, jüdisch-litauische $x10 $9391377078 244Z/01 $2Trx $#keel, leedu $#kalba, lietuvių $#Language, Lithuanian $#nyelv, litván $#język litewski $#jazyk litovský $#jazyk litevský $8--Trx--Sprache, litauische $x11 $9391368664 244Z/01 $2Trx $8--Trx--Einzelbeiträge $x12 $9391384570 245Z/01 $a13.03 $x01 245Z/01 $a08.04.09 $x02 247C/01 $82080>Marburg/Lahn, Herder-Institut, Forschungsbibliothek, Bibliographieportal $9336309341
| LEADER | 00000caa a22000002c 4500 | ||
|---|---|---|---|
| 001 | 39252791X | ||
| 003 | DE-603 | ||
| 005 | 20210427204946.0 | ||
| 007 | tu | ||
| 008 | 161111s2007 xx |||| | u00||u|ger c | ||
| 035 | |a (DE-599)HEB39252791X | ||
| 040 | |a DE-603 |b ger |c DE-603 |d DE-603 | ||
| 041 | |a ger | ||
| 082 | 0 | 4 | |8 1\u |a 909.04924094793 |q DE-101 |2 23/BSB |
| 085 | |8 1\u |b 909.04924 | ||
| 085 | |8 1\u |z 2 |s 4793 | ||
| 085 | |8 1\u |z 2 |s 4382 | ||
| 085 | |8 1\u |z 2 |s 43832 | ||
| 100 | 1 | |a Janauskas, Pranas | |
| 245 | 0 | 0 | |a Juden in der Stadtverwaltung Kaunas zwischen 1918 und 1940 |
| 264 | 0 | |c 2007 | |
| 773 | 0 | 8 | |i In |t Von Kaunas bis Klaipėda |d Fernwald : Litblockín, 2007 |h 242 S., 21 cm |g (2007), Seite 27-33 |w (DE-603)200097687 |
| 924 | 0 | |9 2080 |a (DE-603)788625837 |b DE-2080 |c HES |d d |g / | |


